IIM KOZHIKODE SOCIETY & MANAGEMENT REVIEW (Record no. 32087)

MARC details
000 -LEADER
fixed length control field 00200nam a22000977a 4500
003 - CONTROL NUMBER IDENTIFIER
control field SGT
245 ## - TITLE STATEMENT
Title IIM KOZHIKODE SOCIETY & MANAGEMENT REVIEW
260 ## - PUBLICATION, DISTRIBUTION, ETC. (IMPRINT)
Name of publisher, distributor, etc SAGE
Year of Publication 2023
300 ## - PAGE DESCRIPTION
No. of Pages 261
942 ## - ADDED ENTRY ELEMENTS (KOHA)
Source of classification or shelving scheme Dewey Decimal Classification
Koha item type Back Volumes
Holdings
Withdrawn status Lost status Source of classification or shelving scheme Damaged status Not for loan Home library Current library Date acquired Volume Information (Serial or Books or Non-Book Material) Accession No. (Barcode) Date last seen Bill Date Koha item type
    Dewey Decimal Classification     SGT Science & Social Sciences Library SGT Science & Social Sciences Library 10/07/2025 1-2 AP229 10/07/2025 10/07/2025 Back Volumes